LEADER 01023nam a2200253 i 4500 001 000000008193 003 CaOOAMICUS 005 20260409121837.0 008 180830s1992 fr d u000 u und u 020 $a2-85036-187-9 040 $aSeMil$bita 245 10$aDictionnaire historique de la langue française /$csous la direction de Alain Rey. 264 1$aParis :$bDictionnaires Le Robert,$c1992. 300 $a2 v. ;$c30 cm. 650 4$aLingua francese - Storia.$0(OLS)http://semarc/subject/59932 650 4$aLingua francese - Dizionari, vocabolari, glossari, etc.$0(OLS)http://semarc/subject/1314 700 1 $aRey, Alain.$0(OLS)http://semarc/name/4172 774 0 $t[A-L].$w()110851 774 0 $t[M-Z].$w()110852 941 1 $a4 996 $6020$a2-85036-187-9$9(OLS)http://semarc/number/837 996 $6245$aDictionnaire historique de la langue française$9(OLS)http://semarc/title/10902 996 $6264$aParis :$bDictionnaires Le Robert$9(OLS)http://semarc/publisher/32236